| 000 | 00446nam a2200193Ia 4500 | ||
|---|---|---|---|
| 005 | 20250425161354.0 | ||
| 008 | 250425s9999 xx 000 0 und d | ||
| 020 | _a0080247393 | ||
| 041 | _aeng | ||
| 082 | _a620.11292 | ||
| 100 | _aMILLER, K.J. | ||
| 245 | 0 | _aMECHANICAL BEHEVIOUR OF MATERIALS | |
| 250 | _aS.E. | ||
| 260 | _aEXETER | ||
| 260 |
_aReino Unido _bPERGAMON PRESS _c1980 |
||
| 300 | _a601 | ||
| 942 | _c01 | ||
| 010 | _a18805 | ||
| 999 |
_c207901 _d207901 |
||